TOP 250

Exkluzívny rebríček najvýkonnejších slovenských výrobných podnikov za rok 2010 podľa obratu. Firmy, priemyselné odvetvie, dcérske spoločnosti, vlastník, obrat, roky 2008 - 2010.

Gespeichert in:
Bibliographische Detailangaben
Format: Buchkapitel
Sprache:Slowakisch
Schlagworte:
Tags: Tag hinzufügen
Keine Tags, Fügen Sie das erste Tag hinzu!

MARC

LEADER 00000naa a2200000 4500
001 0136740
005 20231011122150.9
041 0 |a slo 
044 |a SK 
245 1 0 |a TOP 250 
520 |a Exkluzívny rebríček najvýkonnejších slovenských výrobných podnikov za rok 2010 podľa obratu. Firmy, priemyselné odvetvie, dcérske spoločnosti, vlastník, obrat, roky 2008 - 2010. 
610 2 0 |a firmy 
610 2 0 |a spoločnosti dcérske 
610 2 0 |a výkonnosť 
610 2 0 |a výkony podnikové 
610 2 0 |a odvetvia priemyselné 
610 2 0 |a obrat hrubý 
610 2 0 |a Slovensko 
610 2 0 |a 2008-2010